| 000 | 00940cab a2200241 4500 | ||
|---|---|---|---|
| 001 | ABS57322 | ||
| 008 | 090401t1997 xxu||||| |||| 00| 0 eng d | ||
| 035 | _a(Sirsi) u79834 | ||
| 041 | _aeng | ||
| 245 | _aMannai Investment Co Ltd v Eagle Star Life Assurance Co Ltd | ||
| 260 | _c1997 | ||
| 350 | _a0 | ||
| 490 |
_aAll England Law Reports _v[1997] 3 All ER 352-384(33) |
||
| 520 | _aHL 21 May 1997. M appealed against an earlier ruling that a notice to determine a lease by way of a break clause was not effective because the date was incorrectly entered as being the day before such an action was allowed. Appeal allowed. | ||
| 650 | _aBREAK CLAUSES | ||
| 650 | _aBUSINESS TENANCIES | ||
| 650 | _aDETERMINATION OF LEASE | ||
| 650 | _aEXPIRY DATE | ||
| 650 | _aMANNAI INVESTMENT CO LTD V EAGLE STAR LIFE ASSURANCE CO LTD UK | ||
| 690 | _aLANDLORD AND TENANT-CASE LAW-BUSINESS TENANCIES | ||
| 942 | _n0 | ||
| 948 | _c23/07/1997 | ||
| 999 |
_c50231 _d50231 |
||